University Home | Library Home | Institutional Repository

Diseases of pigs. (Record no. 3513)

MARC details
000 -LEADER
fixed length control field 00574cam4a220021700 4500
001 - CONTROL NUMBER
control field zam00003131
008 - FIXED-LENGTH DATA ELEMENTS--GENERAL INFORMATION
fixed length control field 951128s1985 xx eng u
035 ## - SYSTEM CONTROL NUMBER
System control number (Sirsi) r20466
035 ## - SYSTEM CONTROL NUMBER
System control number (MACHINE)VSLC.
100 1# - MAIN ENTRY--PERSONAL NAME
Personal name Love, R. J.
Linkage A7110.1
245 10 - TITLE STATEMENT
Title Diseases of pigs.
260 ## - PUBLICATION, DISTRIBUTION, ETC.
Date of publication, distribution, etc. 1985.
591 ## -
-- Class code: VMC 610.
591 ## -
-- Course: Clinical veterinary medicine.
591 ## -
-- School: S10.
591 ## -
-- Lecturer: Dr. DEBONT, J.
591 ## -
-- Number of Students: 0.
949 ## - LOCAL PROCESSING INFORMATION (OCLC)
a SF971
w LC
m VETMED
t BOOK
l ON-SHELF
909 ## -
-- Book
Holdings
Withdrawn status Lost status Source of classification or shelving scheme Damaged status Not for loan Home library Current library Shelving location Total Checkouts Full call number Barcode Date last seen Copy number Price effective from Koha item type
    Library of Congress Classification     Vet Medicine Library Vet Medicine Library On Shelf   SF971 66090-1001 08/09/2019 1 08/09/2019 Book
© 2026 - The University of Zambia Library - Koha v25.11